Modern Economic Theory (Record no. 51)

MARC details
000 -LEADER
fixed length control field 00358nam a22001577a 4500
020 ## - INTERNATIONAL STANDARD BOOK NUMBER
International Standard Book Number 978-81-219-2463-4
041 ## - LANGUAGE CODE
Language code of text/sound track or separate title ENG
100 ## - MAIN ENTRY--PERSONAL NAME
Personal name Dewett.K.K
245 ## - TITLE STATEMENT
Title Modern Economic Theory
250 ## - EDITION STATEMENT
Edition statement Revised edition
260 ## - PUBLICATION, DISTRIBUTION, ETC. (IMPRINT)
Place of publication, distribution, etc Delhi
Name of publisher, distributor, etc Shyam lal charitable Trust
Date of publication, distribution, etc 2018
300 ## - PHYSICAL DESCRIPTION
Extent 1000
650 ## - SUBJECT ADDED ENTRY--TOPICAL TERM
Topical term or geographic name as entry element Economic
700 ## - ADDED ENTRY--PERSONAL NAME
Personal name Navalur.M.H
856 ## - ELECTRONIC LOCATION AND ACCESS
Uniform Resource Identifier English
Holdings
Withdrawn status Lost status Source of classification or shelving scheme Damaged status Not for loan Home library Current library Shelving location Date acquired Cost, normal purchase price Barcode Date last seen Price effective from Koha item type
    Dewey Decimal Classification     College of Agricultural Engineering and Technology, Dapoli , Library College of Agricultural Engineering and Technology, Dapoli , Library General Stacks 15/10/2020 750.00 007460 15/10/2020 15/10/2020 Books

Contact Us: College of Agricultural Engineering and Technology, Dapoli, Dist.- Ratnagiri
Website: https://dbskkv.org Email: caetlibrary2015@gmail.com